000 00688nam a22002177a 4500
003 UA-OsUOA
001 119818
007 ta
008 20161118b un ||||| |||| 00| 0 ukr d
100 _aКозюк В.
090 _a330(477)
_bК59
942 _cSA
040 _aUA-OsUOA
_bukr
_cUA-OsUOA
_dUA-OsUOA
245 _aЄвропейський банківський союз: заповнюючи прогалину в теорії оптимальних валютних зон
300 _aС.3-16
955 _a0
041 _aukr
080 _a330(477)
773 0 _w119817
_tБанківська справа
_dК.
_d2016
_g3
650 7 _a330 Економіка взагалі
_2UDC
999 _c406099
_d406099